000 00628nam a2200181 i 4500
001 102270
003 ES-MaACL
005 20231227062632.0
007 t|
008 051107s1959 sp ||||1| spa d
100 1 _aMenéndez Pidal, Ramón,
_d1869-1968
_980315
245 1 3 _aLa Chanson de Roland y el neotradicionalismo
_b: (Origen de la épica romántica) /
_cRamón Menéndez Pidal.
260 _aMadrid :
_bEspasa-Calpe,
_c1959.
300 _a496 p., 14 lám. con 1 gráf. pleg. ;
_c23 cm.
650 4 _aPoesía épica-
_xHistoria y crítica.
_9160540
852 _aES-MaACL
_jC-15805
_bR.43909
999 _c102270
_d102270